000 00329 a2200145 4500
001 153606
040 _cEscola São Tomás de Aquino
100 _aJOSÉ, Ganymédes
240 1 0 _aO solar assombrado
_lpor
245 1 0 _aO solar assombrado
362 0 _a1990
440 1 _aAtual
697 _a*LITERATURA JUVENIL
942 _cBK
999 _c153606
_d153606